| 000 | 00669cam a22002295a 4500 | ||
|---|---|---|---|
| 001 | 17357098 | ||
| 005 | 20170105102347.0 | ||
| 008 | 120622s2012 nyu 000 0 eng | ||
| 010 | _a 2012942717 | ||
| 020 | _a9783642316913 | ||
| 040 |
_aDLC _cDLC |
||
| 042 | _apcc | ||
| 082 | _a621.38413 | ||
| 245 | 0 | 0 |
_aAnalysis and transceiver design for the mimo broadcast channel _bRaphael Hunger |
| 260 |
_aNew York : _bSpringer, _c2012. |
||
| 263 | _a1206 | ||
| 300 |
_ax, 320p. : _c24 cm |
||
| 651 | _2Radio--Transmitter-receivers | ||
| 906 |
_a0 _bibc _corignew _d2 _eepcn _f20 _gy-gencatlg |
||
| 942 |
_2ddc _cBK |
||
| 999 |
_c11738 _d11738 |
||